[Event "Lindores Abbey Rapid Challenge-KO"]
[Site "Online"]
[Date "2020.05.25"]
[Round "1.1"]
[White "Yu, Yangyi"]
[Black "Ding, Liren"]
[Result "1/2-1/2"]
[WhiteElo "2738"]
[BlackElo "2836"]
[Annotator "TA"]
[PlyCount "124"]
[EventDate "2020.05.19"]
[EventType "tourn"]
[SourceTitle "playchess.com"]
[Source "ChessBase"]
[SourceQuality "1"]

{[%evp 19,124,-7,10,-4,0,-46,-29,-22,-21,-20,-8,-15,-21,-56,-43,-25,0,-9,-11,-11,38,31,33,35,35,0,0,0,12,10,20,19,22,24,20,25,30,26,39,8,14,3,4,0,73,72,72,72,71,39,58,49,62,45,48,70,122,120,114,107,101,95,123,57,62,8,8,8,8,8,8,8,8,8,8,8,8,8,32,32,32,32,32,32,32,32,32,32,32,32,32,32,32,32,32,32,32,32,32,32,32,0,38,0,38,0,38]} 1. d4 Nf6 2. c4 e6 3. Nc3 Bb4 4. e3 O-O 5. Nge2 d5 6. a3 Be7 7. cxd5 exd5 8. Nf4 Re8 9. Bd3 c6 10. O-O Nbd7 11. Bd2 {E46: Nimzo-Indian: Rubinstein: 4 e3 0-0 5 Ne2 without early Bd3.} Nf8 {[#]} 12. Nce2 $146 {[%cal Bc3e2,Be2g3,Bg3f5][%mdl 32]} ({Predecessor:} 12. Rc1 Ng6 13. Nxg6 hxg6 14. Qc2 Bd6 15. Ne2 Ne4 16. Be1 Qe7 17. Ng3 Nxg3 18. hxg3 Qf6 {½-½ (32) Pitirotjirathon,J (2216)-Portugalera,R (2220) Bangkok 2015}) 12... Bd6 13. f3 {Black has an edge.} g5 14. Nh3 Bxh3 15. gxh3 Qd7 16. Ng3 Qxh3 17. Rf2 $1 Ng6 18. Nf5 $132 {[%mdl 2048] White is not keeping still} Bc7 19. Qf1 Qxf1+ (19... Qh5 {seems wilder.} 20. Ng3 Bxg3 21. hxg3 Qh6 22. b4 a6) 20. Raxf1 Nh4 21. Nxh4 gxh4 22. e4 Bb6 23. e5 Nh5 24. Rg2+ Kh8 25. Rg4 Rg8 26. Kh1 Rxg4 $1 27. fxg4 {[%mdl 64] [#] Discovered Attack} Ng7 28. Rxf7 {Bg5 is the strong threat.} Bxd4 29. Rxb7 Bxe5 30. Kg2 Rb8 31. Rxa7 Rxb2 (31... Kg8 $11 32. Bb4 c5 33. Bxc5 Rxb2+ 34. Kf1 Rxh2) 32. Ra8+ $16 Rb8 33. Rxb8+ Bxb8 {[%mdl 4096] Endgame KBB-KBN} 34. Be3 Ne6 35. Bf5 {[%mdl 1024] White has compensation.} Nf4+ 36. Kf3 Ng6 37. a4 Ne5+ (37... Bxh2 $14 38. a5 h3) 38. Kg2 Nc4 {[#]} 39. Bd4+ $1 Kg8 40. Bd7 Na5 41. Bc3 (41. Bb6 $16 Nc4 42. Bf2) 41... Bc7 $14 42. Bxa5 (42. Kh3 $14) 42... Bxa5 $11 43. Bxc6 $14 {KB-KB} d4 $1 44. Be4 h6 45. Kf3 Kf7 46. Bd3 Ke6 47. Ke4 Bc3 48. h3 Kd6 49. Kf5 Bd2 50. Kg6 Kc7 51. a5 {[%cal Ba4a5,Ba5a6][%mdl 32]} Kb8 52. a6 Bg5 53. Kf5 Ka7 54. Ke6 Kb6 55. Kd7 Ka7 56. Kc6 Be3 57. Kc5 Bf2 58. Kd5 Be3 59. Ke4 Kb6 60. Kd5 Ka7 61. Ke4 Kb6 62. Kd5 Ka7 {Accuracy: White = 83%, Black = 91%.} 1/2-1/2

[Event "Lindores Abbey Rapid Challenge-KO"]
[Site "Online"]
[Date "2020.05.23"]
[Round "1.1"]
[White "Yu, Yangyi"]
[Black "Ding, Liren"]
[Result "1/2-1/2"]
[WhiteElo "2738"]
[BlackElo "2836"]
[Annotator "TA"]
[PlyCount "86"]
[EventDate "2020.05.19"]
[EventType "tourn"]
[SourceTitle "playchess.com"]
[Source "ChessBase"]
[SourceQuality "1"]

{[%evp 13,86,-6,-10,-6,0,0,5,-7,7,0,-6,-12,-7,-7,-16,-10,0,-18,0,0,27,28,7,20,24,0,6,0,0,0,0,0,0,0,0,0,25,4,38,40,33,21,39,18,6,20,41,12,17,0,0,0,21,22,22,18,23,0,7,0,4,2,3,2,17,17,25,4,8,0,0,0,0,0,0]} 1. d4 Nf6 2. c4 e6 3. Nc3 Bb4 4. e3 O-O 5. Nge2 Re8 6. a3 Bf8 7. Ng3 d5 8. Be2 {E46: Nimzo-Indian: Rubinstein: 4 e3 0-0 5 Ne2 without early Bd3.} b6 9. O-O Ba6 10. b3 Nc6 {[#]} 11. Qc2 $146 ({Predecessor:} 11. cxd5 Bxe2 12. Ncxe2 exd5 13. Qc2 Qd7 14. Bd2 Bd6 15. Rfc1 Ne7 16. Bb4 Rac8 17. Bxd6 cxd6 {½-½ (30) Gupta,A (2610)-Duda,J (2724) Caleta 2018}) 11... dxc4 12. bxc4 Na5 13. Nce4 Nxe4 14. Nxe4 f5 15. Nd2 Rc8 16. Rd1 Qe7 17. Nb3 Nxb3 18. Qxb3 Bb7 19. d5 Qf7 20. Bb2 exd5 21. cxd5 c6 {[%cal Rc6d5]} 22. Bh5 g6 23. Bf3 cxd5 24. a4 Rc4 25. a5 Bc5 26. axb6 Bxb6 27. h3 Rec8 28. Be2 {[%mdl 1024] White has compensation.} Rc2 29. Bd3 R2c7 30. Be5 Re7 31. Bd4 Bxd4 32. exd4 a6 33. Bxa6 Bxa6 34. Rxa6 Kg7 35. Ra5 Rc4 36. Rc5 Rc7 37. Qb6 Qd7 38. Re1 R4xc5 39. dxc5 d4 40. Rd1 {White wants to play Rxd4!} Qe7 $1 {The position is equal.} 41. Qd6 Qxd6 $1 42. cxd6 Rd7 43. Rxd4 Kf6 {Accuracy: White = 96%, Black = 92%.} 1/2-1/2

[Event "Lindores Abbey Rapid Challenge-KO"]
[Site "Online"]
[Date "2020.05.23"]
[Round "1.1"]
[White "Yu, Yangyi"]
[Black "Ding, Liren"]
[Result "1-0"]
[WhiteElo "2738"]
[BlackElo "2836"]
[Annotator "TA"]
[PlyCount "137"]
[EventDate "2020.05.19"]
[EventType "tourn"]
[SourceTitle "playchess.com"]
[Source "ChessBase"]
[SourceQuality "1"]

{[%evp 14,137,30,21,48,39,35,15,16,0,14,15,21,12,6,7,35,43,77,67,82,100,109,77,79,46,56,48,73,-104,-90,-185,-194,-209,-160,-166,-162,-180,-74,-85,-38,-37,-29,-71,-13,-13,-10,-27,-1,-58,15,0,8,-10,-8,-29,-14,-33,0,0,0,0,29,28,28,33,33,25,23,16,14,6,4,8,8,0,0,0,12,7,7,7,10,0,2,0,0,0,0,0,0,0,0,0,0,0,0,0,0,-7,-5,-60,-30,-25,0,0,0,0,0,-1871,-1864,-29973,-29973,-29974,-29975,-29981,-29975,-29974,-29975,-29979,-29974,-29973,-29974,-29984,-29985,-29986]} 1. e4 e5 2. Nf3 Nc6 3. Bc4 Nf6 4. Ng5 d5 5. exd5 Na5 6. Bb5+ c6 7. dxc6 bxc6 8. Bd3 Nd5 {C58: Two Knights: 4 Ng5 d5 5 exd5 Na5 sidelines.} 9. Nf3 Bd6 10. Nc3 O-O {The position is equal.} 11. Be2 f5 12. d3 Nxc3 13. bxc3 e4 {[#]} 14. Nd4 $146 ({Predecessor:} 14. dxe4 fxe4 15. Nd4 Qh4 16. Be3 Be5 17. g3 Qf6 18. O-O Bh3 19. Bg4 Bxf1 20. Qxf1 {0-1 (32) Zelkind,E (2205)-Klovans,J (2408) Condino 2009}) 14... Qf6 15. O-O Qe5 {[%csl Gd6][%cal Re5h2]} 16. f4 Qe7 17. Kh1 Bd7 18. Rb1 Rad8 19. Bd2 c5 {aiming for ...e3.} 20. Nb5 Bb8 21. dxe4 $2 (21. c4 $16 Nc6 22. Nc3) 21... fxe4 $17 {White must now prevent ...e3.} 22. Qe1 (22. c4 $17 Bxb5 23. Rxb5) 22... e3 $19 {...Bxb5 is the strong threat.} 23. Bc1 Bxf4 ({But not} 23... Rxf4 24. Rxf4 Bxf4 25. c4) 24. c4 Nc6 25. Bf3 {[#]} Kh8 (25... Nd4 $1 $19 {[%cal Rd4c2] has better winning chances.} 26. Nc3 Qe5) 26. Nc3 $17 Qe5 {And now ...Nb4 would win.} 27. Nd5 {[%cal Rc1e3]} Bxh2 {Strongly threatening ...Rxf3!} 28. Qxe3 {[#]} Nd4 (28... Qd6 $1 $17) 29. Qxe5 $11 Bxe5 30. Be3 Bc6 31. Be4 (31. Rbd1 $11) 31... Ne2 (31... Rxf1+ $15 32. Rxf1 Ne2) 32. Rxf8+ Rxf8 33. Bf3 (33. Bd3 {keeps more tension.} Nd4 34. c3 Ne6 35. Rb3 Rd8 36. Be2) 33... Nd4 34. Bxd4 Bxd4 35. Re1 (35. Nc7 $5 {[%cal Rf3c6]} Bd7 36. Nb5 $15) 35... g6 36. Re6 Bxd5 (36... Ba4 {seems wilder.} 37. c3 Bf2 38. Re7 Bg3 39. Rxa7 Bc2) 37. cxd5 {[%mdl 4096] Endgame KRB-KRB} Kg7 38. d6 Rd8 39. Bc6 Kf7 40. Bd5 Kg7 41. c4 h5 $1 42. g3 g5 $1 43. Kg2 g4 $1 44. Bc6 Kf7 45. Bd5 Kg7 46. a4 a5 47. Be4 Kf7 48. Bd5 Kg7 49. Re7+ Kf6 50. Rf7+ Ke5 51. d7 Kd6 52. Rh7 Rxd7 53. Rh6+ Kc7 54. Rc6+ Kd8 55. Rh6 Re7 56. Rxh5 Re2+ 57. Kf1 ({White should play} 57. Kh1 $1 $11) 57... Rf2+ 58. Ke1 Rb2 59. Rg5 Ra2 60. Rg8+ Ke7 61. Bf7 $2 {[%mdl 8192]} (61. Bc6 $11) 61... Kxf7 $19 62. Rxg4 Rxa4 {KRB-KR. Black mates.} 63. Rf4+ Ke6 64. Kd1 Ra1+ 65. Kc2 a4 {[%cal Ba5a4,Ba4a3,Ba3a2][%mdl 32]} 66. Kd3 a3 67. Re4+ Kd6 68. Re2 a2 69. Ke4 {[%mdl 32768] Accuracy: White = 79%, Black = 74%. . Sensor Board Error (Ke4/e5)?} 1-0

[Event "Lindores Abbey Rapid Challenge-KO"]
[Site "Online"]
[Date "2020.05.27"]
[Round "1.1"]
[White "Karjakin, Sergey"]
[Black "Dubov, Daniil"]
[Result "0-1"]
[WhiteElo "2709"]
[BlackElo "2770"]
[Annotator "TA"]
[PlyCount "86"]
[EventDate "2020.05.19"]
[EventType "tourn"]
[SourceTitle "playchess.com"]
[Source "ChessBase"]
[SourceQuality "1"]

{[%evp 9,86,29,34,23,35,29,36,38,35,0,0,0,0,0,0,0,-9,-14,0,0,16,23,23,0,0,0,0,0,0,0,153,60,180,173,160,169,405,386,391,309,312,304,299,305,262,152,129,147,242,234,193,215,330,330,412,-478,-482,-470,-463,-454,-441,-522,-522,-514,-504,-577,-577,-824,-824,-858,-718,-718,-710,-710,-614,-29986,-29987,-29994,-29995]} 1. e4 e5 2. Nf3 d6 3. d4 exd4 4. Qxd4 Nc6 5. Bb5 Bd7 6. Qd3 {[#] C62: Ruy Lopez: Steinitz Defence.} Nb4 $146 ({Predecessor:} 6... Ne5 7. Nxe5 dxe5 8. Nc3 c6 9. Bc4 Nf6 10. Bg5 h6 11. Bh4 Be7 12. O-O-O g5 13. Bg3 Qc7 {0-1 (46) Podlesnik,B (2381)-Koka,O (2194) Kukes 2013}) 7. Bxd7+ Qxd7 8. Qb3 {White is slightly better.} d5 9. a3 dxe4 10. axb4 {Hoping for Ne5.} exf3 11. O-O fxg2 12. Re1+ Be7 13. Ra5 Kf8 14. Nd2 Nf6 15. Nc4 Bd6 16. Bg5 Re8 17. Rxe8+ Nxe8 18. Rxa7 h6 19. Bd2 {[#]} Qb5 $2 (19... Bxh2+ $1 $11 {[%mdl 512]} 20. Kxh2 Qd4) 20. Ra8 {[#]} (20. Qd3 $16) 20... Kg8 {[#]} (20... Bxh2+ $1 $14 {[%mdl 512]} 21. Kxh2 Qh5+ 22. Kxg2 Qd5+ 23. f3 b5) 21. Qd3 $1 $36 {[%mdl 3072] White has strong compensation. White is on the roll.} (21. Kxg2 Qd5+ 22. Kg1 Kh7 $11) 21... Bf8 22. Bc3 (22. Kxg2 Qc6+ 23. f3 b5 $16) 22... f6 $2 (22... Nf6 {might work better.} 23. Be5 (23. Kxg2 Qc6+ 24. f3 b5 $14) (23. Bxf6 gxf6 24. c3 Kg7 $14) 23... Qc6) 23. b3 Qh5 24. Qe4 Nd6 25. Nxd6 (25. Qxg2 Qd1+ 26. Qf1 Qxc2 $17) 25... cxd6 26. Rb8 ({Not} 26. Qxb7 Qd1+ 27. Kxg2 Qg4+ 28. Kh1 Qd1+ 29. Kg2 Qg4+ 30. Kh1 Qd1+ 31. Kg2 $11) (26. Kxg2 d5 $16) 26... d5 {[#]} 27. Qe6+ ({White must play} 27. Qd3 $1 $18) 27... Kh7 $16 28. Rxb7 Qd1+ (28... Rg8 $16) 29. Kxg2 $18 Qxc2 30. Qxf6 $1 {[%cal Rb7g7]} ({Weaker is} 30. Qxd5 Qxc3 31. Qf5+ Kg8 $11) 30... d4 (30... Rg8 $142 31. Rd7 Qxb3) 31. Qxd4 {[%cal Rb7g7]} ({And not} 31. Bxd4 Qe4+ 32. Qf3 Qxd4 $11) 31... Qg6+ 32. Kf1 $4 {[%mdl 8192]} (32. Kf3 $18 {and all is fine.}) 32... Qa6+ $19 {[%mdl 64] Double Attack} 33. b5 {[%cal Rb7g7]} Qxb7 34. Qd3+ Kg8 35. Be5 {White hopes to continue with Qc4+.} Be7 36. Qc4+ Kf8 37. Bd4 h5 38. b6 Rh6 39. Qd3 Qh1+ 40. Ke2 Re6+ 41. Be3 Qe4 42. Qb5 Qc2+ 43. Ke1 {[#]} Rxe3+ $1 {[%mdl 64] Double Attack. Black used his chance. Accuracy: White = 69%, Black = 67%.} 0-1

[Event "Lindores Abbey Rapid Challenge-KO"]
[Site "Online"]
[Date "2020.05.24"]
[Round "1.1"]
[White "Karjakin, Sergey"]
[Black "Dubov, Daniil"]
[Result "0-1"]
[WhiteElo "2709"]
[BlackElo "2770"]
[Annotator "TA"]
[PlyCount "42"]
[EventDate "2020.05.19"]
[EventType "tourn"]
[SourceTitle "playchess.com"]
[Source "ChessBase"]
[SourceQuality "1"]

{[%evp 9,42,33,23,0,16,16,23,27,27,23,29,0,0,-52,-48,-5,0,-55,87,51,91,19,27,29,33,0,27,25,18,-20,-16,-158,-148,-155,-152]} 1. e4 e5 2. Nf3 Nc6 3. Bc4 Nf6 4. d3 h6 5. c3 g5 {[#]} 6. a4 $146 {[%cal Ba2a4,Ba4a5,Ba5a6][%mdl 32] C55: Two Knights: 4 d3, 4 d4 exd4 5 e5 and Max Lange Attack.} ({Predecessor:} 6. h3 Bg7 7. Nbd2 d5 8. exd5 Nxd5 9. Qb3 Nce7 10. O-O c6 11. Re1 Qc7 12. d4 exd4 13. Nxd4 {½-½ (51) Chigaev,M (2588)-Oparin,G (2652) chess.com INT 2020}) 6... g4 7. Nfd2 d5 8. exd5 {White has an edge.} Nxd5 9. a5 (9. Qb3 Na5 $17) 9... Bg7 10. a6 {[#] Threatens to win with axb7.} b6 11. h3 (11. Qa4 $11 Qd7 12. Bb5) 11... Nf4 $15 12. Ne4 gxh3 13. g3 (13. Qf3 $11) 13... Ne6 (13... Nd5 $15 {keeps the upper hand.}) 14. Qf3 Bd7 15. Rxh3 (15. b4 $16) 15... Qe7 $1 $11 16. Rh5 $36 {[%mdl 2048] White has good play.} O-O-O 17. Be3 Rhf8 {[#] ...f5! is the strong threat.} 18. Rf5 ({Much worse is} 18. Bxh6 f5 $15) 18... Kb8 19. Na3 Nf4 20. Nd2 (20. Nc5 $1 $11 bxc5 21. gxf4) 20... Bxf5 $17 21. Qxc6 {[%csl Ga6][%cal Rc6b7]} Bc8 {Accuracy: White = 49%, Black = 76%.} 0-1

[Event "Lindores Abbey Rapid Challenge-KO"]
[Site "Online"]
[Date "2020.05.30"]
[Round "2.1"]
[White "Carlsen, Magnus"]
[Black "Nakamura, Hikaru"]
[Result "1/2-1/2"]
[WhiteElo "2881"]
[BlackElo "2829"]
[Annotator "TA"]
[PlyCount "83"]
[EventDate "2020.05.19"]
[EventType "tourn"]
[SourceTitle "playchess.com"]
[Source "ChessBase"]
[SourceQuality "1"]

{[%evp 15,83,0,-7,0,26,18,20,18,11,17,16,10,16,13,14,9,5,5,13,19,15,10,13,13,19,22,16,0,0,0,0,0,0,0,0,0,0,0,0,-6,0,0,0,0,0,0,0,0,0,0,0,0,0,0,0,-65,0,0,0,0,0,0,0,0,0,0,0,0,0,0]} 1. e4 e5 2. Nf3 Nc6 3. Nc3 Nf6 4. d4 exd4 5. Nxd4 Bb4 6. Nxc6 bxc6 7. Bd3 O-O 8. O-O d5 9. exd5 {C47: Scotch Four Knights and Four Knights with 4 g3.} Bg4 10. f3 (10. Be2 Bxe2 11. Nxe2 cxd5 12. Bg5 Be7 13. Nd4 Qd7 14. Qd3 Rfe8 15. Rad1 Ne4 16. Bxe7 Rxe7 17. c4 Rae8 18. cxd5 Qxd5 19. Qb5 Qxb5 20. Nxb5 a6 21. Nd4 {½-½ (45) Carlsen,M (2861)-Nakamura,H (2761) Abidjan 2019}) 10... Bh5 $1 11. dxc6 Qd4+ 12. Kh1 {[#] Hoping for Bxh7+!} Bxc3 13. bxc3 Qxc3 14. Bf4 Qxc6 {[#]} 15. h3 $146 ({Predecessor:} 15. Qd2 Bg6 16. Rac1 Rfd8 17. Rfe1 a5 18. Be5 Nd5 19. a3 Qa4 20. Bxg6 hxg6 21. Qd3 {½-½ (31) Yu,Y (2738)-Aronian,L (2752) Stavanger 2019}) 15... Bg6 16. Re1 Rad8 17. Qe2 Nd5 18. Bg3 Nb4 {[%cal Rg6d3]} 19. Be4 Qc3 20. Rad1 Rde8 {...Bxe4 is the strong threat.} 21. Qd2 Qxd2 22. Rxd2 Bxe4 23. fxe4 Nxa2 24. Re3 Rd8 25. Rxd8 Rxd8 $11 {[%mdl 4096] Endgame KRB-KRN} 26. Ra3 Nb4 27. c3 Nc6 28. Ra6 Rd3 {[%mdl 64] [#] Double Attack} 29. Rxc6 Rxg3 30. Rxc7 {[%cal Rc7c8] KR-KR} h5 (30... g6 {looks sharper.} 31. Kg1 Re3 32. Kf2 Rxe4 33. Rxa7 Kg7) 31. Kh2 Re3 32. Rxa7 Rxc3 33. Ra5 g6 34. Ra8+ Kg7 35. h4 (35. e5 $11) 35... Re3 (35... Rc4 $1 $15) 36. Ra4 {The position is equal.} Kf6 37. g3 Ke5 38. Ra7 Kf6 39. Ra6+ Ke5 40. Ra7 Kf6 41. Ra6+ Ke5 42. Ra7 {An uneventful encounter. Accuracy: White = 96%, Black = 96%.} 1/2-1/2

[Event "Lindores Abbey Rapid Challenge-KO"]
[Site "Online"]
[Date "2020.05.28"]
[Round "2.1"]
[White "Carlsen, Magnus"]
[Black "Nakamura, Hikaru"]
[Result "1-0"]
[WhiteElo "2881"]
[BlackElo "2829"]
[Annotator "TA"]
[PlyCount "93"]
[EventDate "2020.05.19"]
[EventType "tourn"]
[SourceTitle "playchess.com"]
[Source "ChessBase"]
[SourceQuality "1"]

{[%evp 11,93,0,14,8,5,0,4,5,37,46,75,59,60,55,52,33,50,47,79,87,95,47,68,60,100,46,93,84,116,116,116,116,116,116,116,124,116,116,148,148,207,148,148,128,128,128,128,128,128,128,128,128,355,334,2362,1715,2158,1500,5114,3899,2267,2097,29966,29962,29961,29964,29969,29970,29968,29968,29972,29973,29973,29974,29973,29975,29975,29976,29974,29977,29977,29978,29974,29972]} 1. e4 e5 2. Nf3 Nc6 3. d4 exd4 4. Nxd4 Bc5 5. Nxc6 Qf6 6. Qf3 dxc6 7. Nc3 {C45: Scotch Game.} Be6 8. Be3 Bb4 9. O-O-O {[#] The position is equal.} Qxf3 $146 ({Predecessor:} 9... Qe7 10. Bd4 Nf6 11. Be2 Bc5 12. Bxc5 Qxc5 13. Qg3 O-O 14. f4 Bc4 15. e5 Nd5 {0-1 (49) Chigaev,M (2616)-Chen,Q (2432) Caleta 2020}) 10. gxf3 Ne7 11. h4 Bxc3 12. bxc3 Rd8 13. Rxd8+ (13. Bxa7 Rxd1+ 14. Kxd1 b6 $17) 13... Kxd8 14. h5 f5 15. c4 Rf8 16. Rg1 ({Much worse is} 16. Bxa7 fxe4 17. Rg1 g6 $15) 16... Rf7 17. a4 ({Reject} 17. Bxa7 $6 b6 $15) 17... a6 18. a5 (18. c5 $16) 18... g6 19. Rg5 Rf6 20. hxg6 Rxg6 21. c5 $1 Ke8 22. Bd3 Rxg5 23. Bxg5 $16 {[%mdl 4096] Endgame KBB-KBN} h5 24. Kd2 Kf8 25. Ke3 Kf7 (25... Ke8 $16 26. Bf4 h4 27. Bxc7 h3) 26. Bxe7 Kxe7 $18 {KB-KB} 27. e5 h4 {Threatening ...h3.} 28. f4 $1 Kd7 {[#] With the idea ...b6.} 29. f3 $1 b6 30. axb6 cxb6 {Threatens to win with ...h3.} 31. Bxa6 ({And not} 31. cxb6 a5 $15) 31... b5 $2 {Loses the game.} (31... bxc5 $16 32. Be2 Ke8) 32. Kf2 Kc7 $2 (32... Ke7 33. Kg2 b4) 33. Kg2 Kb8 34. Kh3 Ka7 35. Kxh4 Kxa6 {KB-KP} 36. Kg5 Kb7 37. Kf6 {White mates.} Bd5 38. c3 Kc7 39. Kxf5 Kd7 40. Kf6 Bxf3 41. e6+ Ke8 42. Ke5 Bg4 43. f5 Bh3 44. f6 Bg4 45. Kd6 Bh3 {[#]} 46. e7 $1 Kf7 47. Kxc6 {Accuracy: White = 92%, Black = 55%.} 1-0

[Event "Lindores Abbey Rapid Challenge-KO"]
[Site "Online"]
[Date "2020.05.28"]
[Round "2.1"]
[White "Ding, Liren"]
[Black "Dubov, Daniil"]
[Result "1-0"]
[WhiteElo "2836"]
[BlackElo "2770"]
[Annotator "TA"]
[PlyCount "77"]
[EventDate "2020.05.19"]
[EventType "tourn"]
[SourceTitle "playchess.com"]
[Source "ChessBase"]
[SourceQuality "1"]

{[%evp 15,77,27,23,25,41,8,27,2,6,18,45,30,69,50,37,37,41,40,39,41,39,44,48,41,95,92,90,88,104,88,141,133,165,157,158,158,169,147,196,205,218,145,413,311,292,301,310,308,308,191,359,361,338,305,736,242,707,697,5114,4022,5121,5114,4874,2197]} 1. Nf3 d5 2. d4 Nf6 3. c4 c6 4. e3 g6 5. Nc3 Bg7 6. Be2 O-O 7. O-O dxc4 8. Bxc4 b5 9. Be2 {D94: Grünfeld: 4 Nf3 Bg7 5 e3.} Bb7 10. Bd2 $5 {[%mdl 4] Exploring less charted territory.} Nbd7 11. Qc2 {[#] White has an edge.} Rc8 $146 ({Predecessor:} 11... Qb8 12. Rac1 e5 13. Rfd1 exd4 14. Nxd4 a6 15. Nf3 c5 16. h3 Ne5 17. Ne1 Re8 {0-1 (50) Sauve,R (1878)-Drolet,S (2159) Quebec 2015}) 12. b4 a5 13. a3 Qc7 14. Rfc1 axb4 15. axb4 Qb8 16. Ne4 Nxe4 17. Qxe4 e5 18. Qh4 $36 {[%mdl 2048] White has the initiative.} Rfe8 19. Bc3 exd4 ({Black should try} 19... e4 $14 20. Nd2 (20. Ng5 Nf6 $14) 20... f5) 20. Bxd4 $16 Bxd4 21. Nxd4 Qd6 22. Ra7 Rb8 (22... Qb8 $142 23. Rca1 Nb6) 23. Qg3 Ne5 {[#]} 24. Rc5 $1 Qf6 25. h4 Nd7 {[%cal Be5d7,Bd7b6,Bb6c4][%mdl 32]} 26. Rc1 Nb6 {[#]} 27. Bf3 $1 Nc4 28. h5 c5 $2 {[%mdl 8192] Black cannot hold the game after this.} (28... Qe5 $16 {was worth a try.}) 29. bxc5 ({Not} 29. Rxb7 Rxb7 30. bxc5 (30. Bxb7 cxd4 31. exd4 Qxd4 $11) 30... Ra7 $16) 29... Bxf3 30. Qxf3 ({Don't take} 30. Nxf3 $6 Rbc8 $18) ({Less strong is} 30. gxf3 Re5 $16) 30... Qxf3 31. gxf3 Re5 32. c6 {[%cal Bc5c6,Bc6c7][%mdl 32]} Rxh5 $2 (32... Rg5+ {is a better defense.} 33. Kf1 Rxh5) 33. c7 $18 Rc8 34. Nc6 {Strongly threatening Ne7+.} Kf8 $2 (34... Rg5+ 35. Kf1 Kg7) 35. Rb7 $2 (35. Rd1 {Threatens to win with Rd8+.} Kg7 36. Rd8 Rxc7 37. Rxc7) 35... Kg7 $2 (35... Rc5) 36. Ne7 {White is clearly winning.} Nd6 37. Nxc8 Nxb7 38. Nb6 Nd6 39. Rc6 {Accuracy: White = 74%, Black = 40%.} 1-0

[Event "Lindores Abbey Rapid Challenge-KO"]
[Site "Online"]
[Date "2020.05.28"]
[Round "2.1"]
[White "Ding, Liren"]
[Black "Dubov, Daniil"]
[Result "0-1"]
[WhiteElo "2836"]
[BlackElo "2770"]
[Annotator "TA"]
[PlyCount "152"]
[EventDate "2020.05.19"]
[EventType "tourn"]
[SourceTitle "playchess.com"]
[Source "ChessBase"]
[SourceQuality "1"]

{[%evp 17,152,27,49,43,32,31,29,27,41,40,39,36,35,0,0,-6,-6,-46,-37,-35,-42,-71,-33,-33,-2,-8,-5,0,-2,-4,-2,-43,0,-8,-7,-31,-31,-25,-20,-14,0,0,0,0,0,0,0,0,0,0,0,0,0,0,0,0,0,0,0,0,0,0,0,0,0,0,0,0,0,0,0,0,0,0,0,-132,-51,-132,-124,-152,0,0,0,-152,-149,-155,-155,-150,-89,-386,-328,-227,-66,-434,-434,-514,-399,-1368,-896,-29967,-29968,-29967,-29970,-29973,-29974,-29973,-29970,-29970,-29972,-29972,-29973,-29973,-29974,-29972,-29975,-29975,-29976,-29976,-29977,-29977,-29978,-29978,-29979,-29979,-29980,-29980,-29981,-29981,-8,-29982,-29983,-29983,-29984,-29984,-29985,-29985,-29986]} 1. d4 Nf6 2. c4 e6 3. Nf3 d5 4. g3 c5 5. Bg2 cxd4 6. O-O Bc5 7. Nxd4 Nc6 8. Nb3 Bb6 {is now debated instead of 8...Be7.} 9. cxd5 exd5 10. Nc3 {D30: Queen's Gambit Declined: Systems without Nc3.} d4 11. Na4 O-O 12. Re1 {White has an edge.} Re8 13. Bg5 h6 14. Bxf6 Qxf6 {[#]} 15. Rc1 $146 ({Predecessor:} 15. Nxb6 axb6 16. Bxc6 bxc6 17. Qxd4 Qd8 18. Qxd8 Rxd8 19. e3 c5 20. Re2 Be6 21. Rd2 Rxd2 22. Nxd2 {½-½ (56) Mikaelyan,A (2483)-Batsiashvili,N (2457) chess.com INT 2020}) 15... d3 16. Nxb6 axb6 17. Qxd3 (17. exd3 $5 {[%cal Re1e8]} Rxe1+ 18. Qxe1 $11) 17... Rxa2 18. Nd2 Bf5 19. Be4 Bxe4 (19... Rd8 $5 {[%cal Rd8d3]} 20. Qf3 Nd4 $17) 20. Nxe4 Qe6 21. Nc3 Rxb2 22. Rb1 $1 {[%cal Rb1b2]} Rxb1 23. Rxb1 Rd8 24. Qf3 Rd7 25. Kg2 Ne5 26. Qe4 f5 27. Qa4 Kh7 28. Qb5 Nc4 29. Rb4 Rc7 30. Qd5 Qc6 31. Qxc6 Rxc6 $11 {[%mdl 4096] Endgame KRN-KRN} 32. Nd5 Nd6 33. Ne7 Rc7 34. Rxb6 Rxe7 35. Rxd6 Rxe2 {KR-KR} 36. Rb6 Re7 37. h4 Kg8 38. h5 Kf7 39. Kf3 Ke8 40. Kf4 Rf7 41. Ke5 Kd8 42. Rb1 Kc7 43. Rc1+ Kd7 44. Rd1+ Kc6 45. Rc1+ Kb5 46. Rb1+ (46. Ra1 $11 {keeps the balance.}) 46... Kc4 $17 {White must now prevent ...b5.} 47. Rc1+ (47. Rb6 $1 $15) 47... Kd3 48. Rb1 Kc4 49. Rc1+ Kd3 50. Rb1 Ke2 $1 51. Ke6 Rf6+ 52. Ke5 b6 $1 53. f4 $2 {[%mdl 8192]} (53. Rb2+ $17 Kf3 54. Rd2) 53... Kf3 $19 54. Rc1 b5 $2 ({Stronger than} 54... Kxg3 55. Rg1+ Kf3 56. Rxg7 $11) ({Better is} 54... Rf7 $1 $19 55. Ke6 Rf8 56. Rc3+ Kg4) 55. Rb1 $2 {[%mdl 8192]} (55. Rc3+ $1 $15 Ke2 56. Rb3) 55... Rb6 $1 56. Kxf5 Kxg3 57. Rg1+ $2 (57. Rb4 Rf6+ 58. Ke5) 57... Kf2 58. Rxg7 b4 59. Rd7 b3 60. Rd2+ Ke3 61. Rb2 Kd3 62. Ke5 Kc3 63. Rb1 Kc2 64. Rh1 b2 65. f5 b1=Q 66. Rxb1 Rxb1 {KR-KPP} 67. f6 Rf1 68. Ke6 Kd3 69. f7 Ke4 70. Ke7 {[#]} Ke5 $1 71. Ke8 Ke6 72. f8=Q Rxf8+ 73. Kxf8 {[#]} Kf6 $1 {Black mates.} 74. Ke8 Kg5 75. Kf7 Kxh5 76. Kf6 Kg4 {Accuracy: White = 66%, Black = 89%.} 0-1